| 000 | 00961naa a2200253 c 4500 | ||
|---|---|---|---|
| 001 | 44500 | ||
| 003 | ES-MaCES | ||
| 005 | 20150925134943.0 | ||
| 008 | 140318s2006 sp ||||| t||||||| ||spa d | ||
| 040 |
_aES-MaCES _bspa _cES-MaCES |
||
| 100 | 1 |
_aEchart Muñoz, Enara _911138 |
|
| 245 | 1 | 0 |
_aDemocracia, desarrollo y ciudadanía en la sociedad internacional _cEnara Echart Muñoz y Sara López Martín |
| 500 | _aResumen en español, inglés y francés | ||
| 504 | _aBibliografía: p. 90-91 | ||
| 650 | 4 |
_ademocracia _927175 |
|
| 650 | 4 |
_aparticipación social _927284 |
|
| 650 | 4 |
_acambio social _927286 |
|
| 653 | 1 | 0 | _aCiencias Sociales-Políticas |
| 650 | 4 |
_929234 _adesarrollo económico y social |
|
| 700 | 1 |
_934848 _aLópez Martín, Sara |
|
| 773 | 0 |
_tRevista española de desarrollo y cooperación _gn. 18 (primavera- verano 2006){10670 R. 065594}; 77-91 _w(ES-MaCES)25673 _967733 |
|
| 902 | _aART Artículo de revista | ||
| 942 |
_2CES _cAR _h7.0. |
||
| 999 |
_c44500 _d44500 |
||